000 02503nam1a2200385 4500
001 RU\NLR\BIBL_A\022813062
005 20260614224557.0
010 _a978-5-00226-307-3
_bобщ.
_9500
035 _a(NLR Aleph) 022813062
090 _a13730358
_c13730358
100 _a20260521d2025 k y0rusy50 ca
101 0 _arus
102 _aRU
105 _a z 1
181 0 _ai
_baxxe
182 0 _an
200 1 _aМолодежь XXI века: образование, наука, инновации
_eматериалы XIII всероссийской студенческой научно-практической конференции с международным участием (г. Новосибирск, 13–15 ноября 2024 г.)
_eв 3 частях
_fМинистерство просвещения Российской Федерации, Новосибирский государственный педагогический университет, Институт детства
_gпод редакцией З. В. Бродовской, А. Турок
203 _aТекст
_bвизуальный
_cнепосредственный
210 _aНовосибирск
_cИзд-во НГПУ
_d2025 (печ. 2026)
215 _d21
320 _aБиблиогр. в конце ст.
606 1 _aОбразование
_yРоссийская Федерация
_jСъезды, совещания и т.п
_2nlr_sh1
_2nlr_sh2
_3RU\NLR\AUTH\661375304
606 1 _aПсихология образования
_jСъезды, совещания и т.п
_2nlr_sh2
_3RU\NLR\AUTH\6601590085
686 1 _aЧ34(2Р)я431
686 1 _aЮ984.0я431
686 1 _aЮ940я431
702 1 _aБродовская
_bЗ. В.
_gЗинаида Владимировна
_4340
711 1 2 _a"Молодежь XXI века: образование, наука, инновации", всероссийская студенческая научно-практическая конференция с международным участием
_d13
_f2024
_eНовосибирск
_3RU\NLR\AUTH\880634413
712 0 2 _aНовосибирский государственный педагогический университет
_bИнститут детства
_3RU\NLR\AUTH\880378348
_4570
852 _aNLR
_j2026-3/11458
942 _cBOOK
980 _aNB